Global digital. (Record no. 16143)
[ view plain ]
| 000 -LEADER | |
|---|---|
| fixed length control field | 01160cmm a22003135i 4500 |
| 003 - CONTROL NUMBER IDENTIFIER | |
| control field | EG-ScBUE |
| 005 - DATE AND TIME OF LATEST TRANSACTION | |
| control field | 20201129091622.0 |
| 006 - FIXED-LENGTH DATA ELEMENTS--ADDITIONAL MATERIAL CHARACTERISTICS--GENERAL INFORMATION | |
| fixed length control field | m|||| q||d 00| 0 |
| 007 - PHYSICAL DESCRIPTION FIXED FIELD--GENERAL INFORMATION | |
| fixed length control field | co cga---muuuu |
| 008 - FIXED-LENGTH DATA ELEMENTS--GENERAL INFORMATION | |
| fixed length control field | 111012t20102010enka s 000 0 eng d |
| 020 ## - INTERNATIONAL STANDARD BOOK NUMBER | |
| International Standard Book Number | 9780230407718 (multi-user version) |
| 040 ## - CATALOGING SOURCE | |
| Original cataloging agency | EG-ScBUE |
| Language of cataloging | eng |
| Description conventions | rda |
| Transcribing agency | EG-ScBUE |
| Modifying agency | EG-ScBUE |
| 082 04 - DEWEY DECIMAL CLASSIFICATION NUMBER | |
| Classification number | 428.24 |
| Item number | CLA |
| Edition number | 22 |
| 100 1# - MAIN ENTRY--PERSONAL NAME | |
| Personal name | Clandfield, Lindsay, |
| Relator term | author. |
| 9 (RLIN) | 27030 |
| 245 10 - TITLE STATEMENT | |
| Title | Global digital. |
| Name of part/section of a work | Pre-intermediate / |
| Statement of responsibility, etc | Lindsay Clandfield ; with additional contributions by Amanda Jeffries. |
| 264 #1 - PRODUCTION, PUBLICATION, DISTRIBUTION, MANUFACTURE STATEMENTS | |
| Place of production, publication, distribution, manufacture | Oxford : |
| Name of producer, publisher, distributor, manufacturer | Macmillan Education, |
| Date of production, publication, distribution, manufacture | [2010] |
| 264 #4 - PRODUCTION, PUBLICATION, DISTRIBUTION, MANUFACTURE STATEMENTS | |
| Date of production, publication, distribution, manufacture | c2010 |
| 300 ## - PHYSICAL DESCRIPTION | |
| Extent | 1 CD-ROM : |
| Other physical details | sound, color ; |
| Dimensions | 4 3/4 in. + |
| Accompanying material | 1 user's guide (63 pages : illustration ; 18 cm) |
| 336 ## - CONTENT TYPE | |
| Content Type Term | text |
| Content Type Code | txt |
| Source | rdacontent |
| 337 ## - MEDIA TYPE | |
| Media Type Term | computer |
| Media Type Code | c |
| Source | rdamedia |
| 338 ## - CARRIER TYPE | |
| Carrier Type Term | computer disc |
| Carrier Type Code | cd |
| Source | rdacarrier |
| 344 ## - Sound Characteristics | |
| Type of recording | digital |
| source | rdatr |
| 347 ## - Digital File Characteristics | |
| File type | text file |
| source | rdaft |
| 347 ## - Digital File Characteristics | |
| Encoding format | Electronic resource |
| 650 #7 - SUBJECT ADDED ENTRY--TOPICAL TERM | |
| Topical term or geographic name as entry element | English language |
| Form subdivision | Textbooks for foreign speakers. |
| Source of heading or term | BUEsh |
| 9 (RLIN) | 13799 |
| 650 #7 - SUBJECT ADDED ENTRY--TOPICAL TERM | |
| Topical term or geographic name as entry element | English language |
| General subdivision | Study and teaching. |
| Source of heading or term | BUEsh |
| 700 1# - ADDED ENTRY--PERSONAL NAME | |
| Personal name | Jeffries, Amanda, |
| Relator term | contributor. |
| 9 (RLIN) | 27031 |
| 942 ## - ADDED ENTRY ELEMENTS (KOHA) | |
| Source of classification or shelving scheme | Dewey Decimal Classification |
| Item type | CD | DVD - (NB) |
| Withdrawn status | Lost status | Source of classification or shelving scheme | Damaged status | Not for loan | Koha collection | Home library | Current library | Shelving location | Date acquired | Source of acquisition | Total Checkouts | Total Renewals | Full call number | Barcode | Date last seen | Date last borrowed | Koha item type | Public note |
|---|---|---|---|---|---|---|---|---|---|---|---|---|---|---|---|---|---|---|
| Dewey Decimal Classification | Baccah | Central Library | Central Library | Second Floor | 12/10/2011 | 2 | 1 | 428.24 CLA | 000025438 | 24/08/2022 | 23/04/2015 | CD | DVD - (NB) | ||||||
| Dewey Decimal Classification | Baccah | Central Library | Central Library | Second Floor | 12/10/2011 | Purchase | 1 | 3 | 428.24 CLA | 000025439 | 30/09/2018 | 12/10/2011 | Book - Borrowing | 1 User Guide |